00491nam a2200157Ia 4500001000500000005001700005008004100022041000800063082001600071100005400087245013900141260000900280300002800289650000800317654000800325452220260306145802.0260306t2006||||xx |||||||||||||| ||spa|| aESP a324.2bI59A aInstituto Interamericano de Derechos HumanoseAUT 0aForo internacional. La organización electoral en América Latina. Situación, perspectivas y comparación con otras experiencias. c2006 a156 páginas :c21 cm. aGEN aCDE